000 00613nam a2200145Ia 4500
008 220216s9999 xx 000 0 und d
100 _aVarghese Y.A.
245 0 _aCrop improvement in the non-traditional rubber growing areas in India
260 _bIn: Global competitiveness of Indian rubber plantation industry: Rubber Planters' Conference, India 2002. (Ed. C. Kuruvilla Jacob). Rubber Research Institute of India, Kottayam, India, pp. 117-131
_c2003
650 _aCrop improvement
650 _aEnvironmental stress
650 _aNon traditional region
650 _aRegional research station
942 _cBS
999 _c53013
_d53013